Szczegóły MARC21

Ryzyko personalne : szanse i zagrożenia zarządzania zasobami ludzkimi /

003 -Nazwa inst., której nr kontr. jest w polu 001 [,]
    • @
    • Nazwa instytucji, której n kontrolny jest w polu 001
    • NUKAT
005 -DATA I CZAS OSTATNIEJ MODYFIKACJI [,]
    • @
    • pole kontrolne
    • 20241231092015.0
020 -Międzynarod. znormalizowany nr książki - ISBN [ , ]
    • a
    • Numer ISBN
    • 8388840231 Find
040 -Instytucja sporządzająca opis [ , ]
    • a
    • Instytucja, która sporządziła opis (NP)
    • LUBL KUL/EP
    • c
    • Instytucja, która sporządziła rekord (NP)
    • LUBL KUL/EP
    • d
    • Instytucja, która zmodyfikowała rekord (P)
    • LUBL KUL/MC
    • d
    • Instytucja, która zmodyfikowała rekord (P)
    • LUBL KUL/MDs
    • d
    • Instytucja, która zmodyfikowała rekord (P)
    • KR 119/jk
942 -Rodzaj dokumentu [ , ]
    • c
    • Rodzaj dokumentu
    • Książka
100 -Hasło główne - nazwa osobowa [1, ]
    • a
    • Nazwa osobowa (NP)
    • Lipka, Anna.
    • 9
    • KHW
    • 1829
245 -Strefa tytułu i oznaczenia odpowiedzialności [1,0]
    • a
    • Tytuł
    • Ryzyko personalne : Find
    • b
    • Ciąg dalszy tytułu (NP)
    • szanse i zagrożenia zarządzania zasobami ludzkimi / Find
    • c
    • Pozostałe elementy strefy tytułu i oznaczenia odpowiedzialności (NP)
    • Anna Lipka.
260 -Strefa adresu wydawniczego [ , ]
    • a
    • Miejsce wydania (P)
    • Warszawa :
    • b
    • Nazwa wydawcy (P)
    • POLTEXT,
    • c
    • Data wydania (P)
    • 2002.
300 -Strefa opisu fizycznego [ , ]
    • a
    • Określenie formy książki i/lub objętość (NP)
    • 192 s :
    • b
    • Oznaczenie ilustracji (NP)
    • il.;
    • c
    • Format (NP)
    • 24 cm.
336 -Typ zawartości [ , ]
    • a
    • Termin opisujący typ zawartości
    • Tekst
    • b
    • Kod określający zawartość
    • txt
    • 2
    • Źródło (terminu i kodu)
    • rdacontent
337 -Typ mediów [ , ]
    • a
    • Tryb odtwarzania
    • Bez urządzenia pośredniczącego
    • b
    • Kod typu mediów
    • n
    • 2
    • Źródło (terminu i kodu)
    • rdamedia
338 -Typ/rodzaj nośnika [ , ]
    • a
    • Hasło opisujące typ nośnika
    • Wolumin
    • b
    • Kod typu nośnika
    • nc
    • 2
    • Źródło (terminu i kodu)
    • rdacarrier
490 -Strefa serii i książki wielotomowej - forma nie do wyszukiwania [1, ]
    • a
    • Tytuł (P)
    • Człowiek w Firmie Find
830 -Hasło dodatkowe serii i opisu książki wielotomowej - tytuł ujednolicony/tytuł [ ,0]
    • a
    • Tytuł ujednolicony/tytuł (NP)
    • Człowiek w Firmie
    • 9
    • KHW
    • 39213
504 -Uwaga dot. bibliogr. załącznikowej [ , ]
    • a
    • Uwaga dot. bibliografii załącznikowej
    • Bibliogr. s. 187-192.
080 -Uniwersalna Klasyfikacja Dziesiętna [ , ]
    • a
    • Symbol klasyfikacji
    • 331.1
    • 9
    • UKD
    • 3009
    • 2
    • Identyfikator wydania tablic
    • UDC-P058
    • b
    • Dopowiedzenie
    • Teoria i organizacja pracy. Stosunki między pracodawcami a pracownikami. Polityka kadrowa (w zakładzie pracy).
080 -Uniwersalna Klasyfikacja Dziesiętna [ , ]
    • a
    • Symbol klasyfikacji
    • :658.1/.5.011
080 -Uniwersalna Klasyfikacja Dziesiętna [ , ]
    • a
    • Symbol klasyfikacji
    • :658.3.012
650 -Hasło przedmiotowe [ ,7]
    • a
    • Hasło przedmiotowe
    • Personel
    • x
    • Określnik rzeczowy
    • kierowanie.
    • 2
    • Źródło terminu
    • kaba
    • 9
    • KHW
    • 123506
650 -Hasło przedmiotowe [ ,7]
    • a
    • Hasło przedmiotowe
    • Zarządzanie ryzykiem.
    • 2
    • Źródło terminu
    • kaba
    • 9
    • KHW
    • 137520
980 -Symbol UKD [ , ]
    • a
    • UKD
    • 331.1:658.1/.5.011:658.3.012
710 -Hasło dodatkowe - nazwa ciała zbiorowego [2, ]
    • a
    • Nazwa ciała zbiorowego lub nazwa geograficzna jako pierwszy element (NP)
    • Wydawnictwo Poltext.
    • 4
    • Kod relacji
    • pbl
    • 9
    • KHW
    • 53400
920 -ISBN [ , ]
    • a
    • ISBN
    • 83-88840-23-1 Find
Sygnatura Numer inwentarzowy Status udost. Lokalizacja Data inwentaryzacji
 E.68626-2BE2003-04-15
 S.90862-6BE2003-07-30
 S.90863-6BE2003-07-30
 S.90302-6BE2003-03-10
658GW.6570-6BE2016-02-25
T.7147T.7147-2T2002-11-28